000 00507nam a22001937a 4500
003 KOHA_MİRAKIL
005 20250414130916.0
008 250414b tu ||||| |||| 00| 0 tur d
020 _a9789755333359
040 _aTR-AnABB
_btur
_cTR-AnABB
041 _atur
082 _a818
_bDÜN 2009
100 1 _aDündar, Can,
245 1 0 _aUzaklar /
_cCan Dündar
260 _aAnkara :
_bİmge Kitapevi,
_c2009
300 _a19 sayfa ;
_c175 cm
650 0 4 _aTürk edebiyatı, roman
942 _2ddc
_cBK
999 _c8667
_d8667
900 _bGizem YORULMAZ